书目信息 |
| 题名: |
历代小品幽默
|
|
| 作者: | 张豫 , 舒鹗 主编 | |
| 分册: | ||
| 出版信息: | 武汉 崇文书局 2010.01 |
|
| 页数: | 315页 | |
| 开本: | 23cm | |
| 丛书名: | 小品精华系列 | |
| 单 册: | ||
| 中图分类: | I276.8 | |
| 科图分类: | ||
| 主题词: | 笑话 , 笑话--中国--古代--选集 | |
| 电子资源: | ||
| ISBN: | 978-7-5403-0112-5 | |
| 000 | 00966oam2 2200301 450 | |
| 001 | 1249958103 | |
| 005 | 20120110093429.78 | |
| 010 | @a978-7-5403-0112-5@dCNY33.00 | |
| 090 | @aI276.8@bzy | |
| 096 | @aI276.8@bzy | |
| 100 | @a20100420d2010 em y0chiy50 ea | |
| 101 | 0 | @achi |
| 102 | @aCN@b420000 | |
| 105 | @ay z 000dy | |
| 200 | 1 | @a历代小品幽默@b专著@f张豫,舒鹗主编@9li dai xiao pin you mo |
| 210 | @a武汉@c崇文书局@d2010.01 | |
| 215 | @a315页@d23cm | |
| 225 | 2 | @a小品精华系列 |
| 305 | @a版权页题:2010年新1版 | |
| 330 | @a本书是一本幽默小品选集,仿冯梦龙《古今谭概》的分类,编列成集。文中涉及的人和事,基本上是真实存在过的,上自王侯将相,下至僧俗小民,三教九流,无一不具。 | |
| 461 | 0 | @1001002622159 |
| 606 | 0 | @a笑话 |
| 606 | 0 | @a笑话@y中国@z古代@j选集 |
| 690 | @aI276.8@v4 | |
| 701 | 0 | @a张豫@4主编@9zhang yu |
| 701 | 0 | @a舒鹗@4主编@9shu e |
| 801 | 0 | @aCN@b大连网信软件有限公司图书馆·11@c20120110 |
| 905 | @aZUCC@dI276.8@eZ239 | |
| 历代小品幽默/张豫,舒鹗主编.-武汉:崇文书局,2010.01 |
| 315页;23cm.-(小品精华系列) |
| ISBN 978-7-5403-0112-5:CNY33.00 |
| 本书是一本幽默小品选集,仿冯梦龙《古今谭概》的分类,编列成集。文中涉及的人和事,基本上是真实存在过的,上自王侯将相,下至僧俗小民,三教九流,无一不具。 |
| ● |
| 相关链接 |
|
|
|
正题名:历代小品幽默
索取号:I276.8/Z239
 
预约/预借
| 序号 | 登录号 | 条形码 | 馆藏地/架位号 | 状态 | 备注 |
| 1 | 481063 | 204810632 | 文学库116/116文学库 12排5列1层/ [索取号:I276.8/Z239] | 在馆 | |
| 2 | 481064 | 204810641 | 文学库116/116文学库 12排5列1层/ [索取号:I276.8/Z239] | 在馆 | |
| 3 | 481065 | 204810650 | 社科二线422/422社科库 28排1列4层/ [索取号:I276.8/Z239] | 在馆 |